Normal view
MARC view
- Ganji, Davood Domairry
Entry Personal Name
001 - CONTROL NUMBER
- control field: 41894
003 - CONTROL NUMBER IDENTIFIER
- control field: DLC
005 - DATE AND TIME OF LATEST TRANSACTION
- control field: 20181104121019.0
008 - FIXED-LENGTH DATA ELEMENTS
- fixed length control field: 150330n| azannaabn |a aaa
010 ## - LIBRARY OF CONGRESS CONTROL NUMBER
- LC control number: nb2015006578
035 ## - SYSTEM CONTROL NUMBER
- System control number: (Uk)009295536
040 ## - CATALOGING SOURCE
- Original cataloging agency: Uk
- Language of cataloging: eng
- Description conventions: rda
- Transcribing agency: Uk
- Modifying agency: DLC
- Modifying agency: EG-ScBUE
100 1# - HEADING--PERSONAL NAME
- Personal name: Ganji, Davood Domairry
400 1# - SEE FROM TRACING--PERSONAL NAME
- Personal name: Ganji, D. D.
- Fuller form of name: (Davood Domairry)
670 ## - SOURCE DATA FOUND
- Source citation: Hydrothermal analysis in engineering using control volume finite element method, 2015:
- Information found: t.p. (Davood Domairry Ganji, Department of Mechanical Engineering, Babol University of Technology) back cover (D.D. Ganji, Professor of Mechanical Engineering)
670 ## - SOURCE DATA FOUND
- Source citation: Numericaland analytical solutions for solving nunlinear equations in heat transfer, 2017:
- Information found: ECIP t.p. (D.D. Ganji) data view (b. Aug. 25, 1965)